000 01105nam a2200289 i 4500
003 DO-SdBNP
005 20230626102447.0
007 ta
008 230626b2023 dr ac||| |||| 00| 0 spa d
020 _a9789945183450
040 _aDO-SdBNP
_bspa
_cBNPHU
_erda
082 4 _222
100 _aBueno Bueno, Fausto Antonio,
_eautor
_983595
245 1 0 _aValor de la solidaridad :
_bhistoria de la educación de las personas ciegas en República Dominicana (1943-2018) /
_cFausto Antonio Bueno Bueno, María Pastora Reyes de Bueno ; prólog Maestro Rafael Nino Féliz
264 _aSanto Domingo :
_bCorripio ;
_c2023.
300 _a303 páginas :
_bilustraciones, retratos ;
_c23 cm.
336 _2rdacontent
_atexto
_btxt
337 _2rdamedia
_asin mediación
_bn
338 _2rdacarrier
_avolumen
_bnc
500 _aIncluye índice de leyes, decretos y resoluciones
504 _aBibliografía : p. 253-257
590 _aInventariado, 2023/BT
700 1 _aReyes Bueno, María Pastora de
_983596
700 1 _aNino Féliz, Maestro Rafael,
_eprólogo
_983597
910 _aBtavárez
942 _2ddc
_cLBS1
999 _c53948
_d53948